000
00260nam a2200109Ia 4500
008
240625s9999 xx 000 0 und d
041
_a
eng
082
_a
658.5 RAT
100
_a
RATURI AMITABH S
245
_a
PRINCIPLES OF OPERATIONS MANAGEMENT
260
_c
2005
999
_c
34350
_d
34350